[Event "Return"]
[Site "SchemingMind.com"]
[Date "2014.04.07"]
[Round "-"]
[White "fouche"]
[Black "Transcendent"]
[Result "1-0"]
[WhiteCountry "COL"]
[BlackCountry "ENG"]
[WhiteElo "1612"]
[WhiteRD "57"]
[BlackElo "1781"]
[BlackRD "68"]
[GameID "354469"]

1. e4 e6 2. d4 d5 3. Nd2 Nf6 4. e5 Nfd7 5. f4 c5 6. Ndf3 Nc6 7. Bb5 cxd4 8. Bxc6 bxc6 9. Nxd4 Qb6 10. Ngf3 c5
11. Ne2 Be7 12. Be3 Ba6 13. Bf2 O-O 14. O-O f6 15. Rb1 fxe5 16. fxe5 Rf7 17. Re1 Qc7 18. Ng3 Raf8 19. c3 c4 20. Bd4 Bc5
21. Kh1 Rf4 22. Qc2 Bxd4 23. Nxd4 Nc5 24. h3 Qe7 25. b4 Nd3 26. Rf1 Nf2+ 27. Kh2 Nd3 28. Rxf4 Rxf4 29. a4 Rf2 30. Qd1 Bc8
31. Qg4 Nxe5 32. Qh5 Ng6 33. Re1 Nf4 34. Qg4 Rxg2+ 35. Kh1 Rf2 36. Nh5 Nxh5 37. Qxh5 e5 38. Nc6 Qf8 39. Nxe5 Rf1+ 40. Rxf1 Qxf1+
41. Kh2 Qf2+ 42. Kh1 g6 43. Qf3 Qxf3+ 44. Nxf3 Kf7 45. Kh2 Kf6 46. Kg3 Kf5 47. Nd4+ Ke4 48. h4 Kd3 49. Kf4 Kxc3 50. Nb5+
1-0

[Event "Return"]
[Site "SchemingMind.com"]
[Date "2014.04.07"]
[Round "-"]
[White "Transcendent"]
[Black "fouche"]
[Result "1-0"]
[WhiteCountry "ENG"]
[BlackCountry "COL"]
[WhiteElo "1788"]
[WhiteRD "80"]
[BlackElo "1609"]
[BlackRD "64"]
[GameID "354470"]

1. d4 e6 2. c4 d5 3. Nf3 Nf6 4. g3 Be7 5. Bg2 c6 6. O-O O-O 7. Qc2 Nbd7 8. Bf4 Ne4 9. Nfd2 Ndf6 10. f3 Nd6
11. Nc3 Nxc4 12. Nxc4 dxc4 13. Rad1 Qb6 14. e4 Nd7 15. Be3 c5 16. d5 exd5 17. Nxd5 Qd8 18. Qxc4 a6 19. a4 Nb6 20. Nxe7+ Qxe7
21. Qxc5 Qxc5 22. Bxc5 Nxa4 23. Bxf8 Kxf8 24. Rd8+ Ke7 25. Rh8 h6 26. Rc1
1-0

[Event "Return"]
[Site "SchemingMind.com"]
[Date "2014.04.10"]
[Round "-"]
[White "fouche"]
[Black "bobbassbone"]
[Result "0-1"]
[WhiteCountry "COL"]
[BlackCountry "ENG"]
[WhiteElo "1609"]
[WhiteRD "64"]
[BlackElo "1601"]
[BlackRD "63"]
[GameID "355435"]

1. d4 c6 2. Nf3 d5 3. e3 Bg4 4. Be2 Bxf3 5. Bxf3 e6 6. O-O Nf6 7. Nd2 Bd6 8. Be2 Nbd7 9. Nf3 Qc7 10. h3 O-O
11. c4 dxc4 12. Bxc4 Nb6 13. Bd3 Rad8 14. Bd2 Nbd5 15. a3 b6 16. Qe2 c5 17. dxc5 Bxc5 18. Rac1 Qd7 19. Rfd1 Nc7 20. Bc3 Qe7
21. b4 Bd6 22. Ng5 h6 23. Nf3 Rc8 24. Ne5 Ncd5 25. Bb2 Rc7 26. Nc6 Qd7 27. Nd4 Rfc8 28. Rxc7 Rxc7 29. Rc1 Rxc1+ 30. Bxc1 Qc7
31. Qc2 Qxc2 32. Bxc2 Nc3 33. Bb2 Ncd5 34. Nc6 a6 35. Bd3 b5 36. g3 Kf8 37. Kg2 Ke8 38. Be5 Bxe5 39. Nxe5 Nd7 40. Nxd7 Kxd7
41. Kf3 Kd6 42. Be4 Ke5 43. Bxd5 Kxd5 44. e4+ Kc4 45. Ke3 Kb3 46. Kd4 Kxa3 47. Kc5 Ka4 48. f4 a5 49. bxa5 Kxa5 50. Kd6 b4
51. Ke7 b3 52. Kxf7 b2 53. Kxe6 b1=Q
0-1

[Event "Return"]
[Site "SchemingMind.com"]
[Date "2014.04.09"]
[Round "-"]
[White "bobbassbone"]
[Black "fouche"]
[Result "1/2-1/2"]
[WhiteCountry "ENG"]
[BlackCountry "COL"]
[WhiteElo "1601"]
[WhiteRD "63"]
[BlackElo "1609"]
[BlackRD "64"]
[GameID "355436"]

1. d4 f5 2. Bf4 Nf6 3. e3 g6 4. Nd2 Bg7 5. c3 O-O 6. Ngf3 d6 7. Bc4+ d5 8. Be2 c6 9. Qb3 Nbd7 10. O-O Ne4
11. Nxe4 fxe4 12. Nd2 e5 13. Bg3 exd4 14. exd4 Nf6 15. Bh4 Qc7 16. Bxf6 Bxf6 17. Nxe4 Bg7 18. Rfe1 Be6 19. Nc5 Bf7 20. Qxb7 Qxb7
21. Nxb7 Rab8 22. Nc5 Rxb2 23. Bd3 Re8 24. Kf1 Bh6 25. a4 Bd2 26. Rxe8+ Bxe8 27. Rb1 Bxc3 28. Rxb2 Bxb2 29. Ne6 Bd7 30. Nc5 Bc8
31. Nb3 Kf7 32. Ke2 Bf5 33. Bxf5 gxf5 34. Kf3 Kf6 35. Ke3 h5 36. Kf3 Bc3 37. Kf4=
1/2-1/2

[Event "Return"]
[Site "SchemingMind.com"]
[Date "2014.04.10"]
[Round "-"]
[White "Transcendent"]
[Black "bobbassbone"]
[Result "1-0"]
[WhiteCountry "ENG"]
[BlackCountry "ENG"]
[WhiteElo "1790"]
[WhiteRD "68"]
[BlackElo "1650"]
[BlackRD "61"]
[GameID "355437"]

1. d4 c6 2. c4 d5 3. Nf3 Nf6 4. e3 Bg4 5. Qb3 Bxf3 6. gxf3 Qc7 7. Nc3 e6 8. Bd2 Bd6 9. h4 Nbd7 10. h5 h6
11. e4 dxc4 12. Bxc4 Nb6 13. Bd3 O-O-O 14. a4 Bf4 15. a5 Bxd2+ 16. Kxd2 Na8 17. Ke3 Qd7 18. Rhc1 a6 19. Qb4 Nxh5 20. Na4 Qd6
21. Nc5 Qc7 22. Na4 Nf6 23. Nb6+ Nxb6 24. axb6 Qd6 25. Qc3 h5 26. Bxa6 Nd7 27. Bxb7+ Kxb7 28. Ra7+
1-0

[Event "Return"]
[Site "SchemingMind.com"]
[Date "2014.04.09"]
[Round "-"]
[White "bobbassbone"]
[Black "Transcendent"]
[Result "1-0"]
[WhiteCountry "ENG"]
[BlackCountry "ENG"]
[WhiteElo "1650"]
[WhiteRD "61"]
[BlackElo "1790"]
[BlackRD "68"]
[GameID "355438"]

1. d4 d5 2. Bf4 Nf6 3. e3 c5 4. c3 Qb6 5. Qc2 Nc6 6. Nd2 Bg4 7. Be2 Bxe2 8. Nxe2 e6 9. dxc5 Qxc5 10. O-O e5
11. Bg3 Bd6 12. a4 O-O 13. b4 Qb6 14. Nf3 Qc7 15. Rfd1 Rac8 16. b5 Na5 17. Rac1 Nc4 18. Nd2 Nxd2 19. Rxd2 Ne4 20. Rxd5 f6
21. Qxe4 f5 22. Qc2 f4 23. exf4 exf4 24. Bh4 f3 25. gxf3 Bxh2+ 26. Kg2 Be5 27. Qb3 Qf7 28. c4 Qh5 29. Bg3 Rf5 30. Bxe5 Rcf8
31. c5 Rxf3 32. Rd3+ R3f7 33. Re3 Kh8 34. Bg3 Qg4 35. Qxf7
1-0

[Event "Return"]
[Site "SchemingMind.com"]
[Date "2014.04.10"]
[Round "-"]
[White "fouche"]
[Black "kenneth m day"]
[Result "1-0"]
[WhiteCountry "COL"]
[BlackCountry "USA"]
[WhiteElo "1625"]
[WhiteRD "61"]
[BlackElo "1753"]
[BlackRD "49"]
[GameID "355468"]

1. e4 e5 2. f4 exf4 3. Bc4 Qh4+ 4. Kf1 Nc6 5. Nf3 Qg4 6. c3 Nf6 7. Qe2 Be7 8. d4 O-O 9. Bd2 d6 10. Be1 Bd7
11. h3 Qg6 12. Nbd2 Rfe8 13. Kg1 Nh5 14. Kh2 Rf8 15. Bf2 Rae8 16. Bd3 f5 17. e5 dxe5 18. Nxe5 Nxe5 19. dxe5 Bc6 20. Bc4+ Kh8
21. Nf3 Ng3 22. Bxg3 Qxg3+ 23. Kg1 Bc5+ 24. Kf1 Rd8 25. Re1 Be4 26. h4 Rd7 27. Rh3 Qg6 28. b4 Be3 29. h5 Qg4 30. e6 Rd6
31. Ne5 Qxe2+ 32. Rxe2 Rd1+ 33. Re1 Bxg2+ 34. Kxg2 Rxe1 35. Nf7+ Kg8 36. e7 Re8 37. Nd6+
1-0

[Event "Return"]
[Site "SchemingMind.com"]
[Date "2014.04.10"]
[Round "-"]
[White "kenneth m day"]
[Black "fouche"]
[Result "0-1"]
[WhiteCountry "USA"]
[BlackCountry "COL"]
[WhiteElo "1753"]
[WhiteRD "49"]
[BlackElo "1625"]
[BlackRD "61"]
[GameID "355469"]

1. e4 e6 2. d4 d5 3. Nd2 dxe4 4. Nxe4 Nf6 5. Bg5 Nbd7 6. Bd3 Be7 7. Nf3 O-O 8. O-O Nxe4 9. Bxe7 Nxf2 10. Bxd8 Nxd1
11. Raxd1 Rxd8 12. Ng5 Nf6 13. c3 h6 14. Nf3 b6 15. Ne5 Bb7 16. Be2 c5 17. Bf3 Bxf3 18. Nxf3 Rd7 19. Ne5 Rd5 20. Nc6 Kh7
21. Ne5 Kg8 22. Nc6 Kf8 23. Ne5 Rad8 24. Nc6 R8d7 25. Ne5 R7d6 26. Rf2 Rxe5 27. Rfd2 cxd4 28. cxd4 Red5
0-1

[Event "Return"]
[Site "SchemingMind.com"]
[Date "2014.04.09"]
[Round "-"]
[White "Transcendent"]
[Black "kenneth m day"]
[Result "1-0"]
[WhiteCountry "ENG"]
[BlackCountry "USA"]
[WhiteElo "1781"]
[WhiteRD "68"]
[BlackElo "1741"]
[BlackRD "52"]
[GameID "355470"]

1. c4 Nf6 2. g3 e6 3. Bg2 c6 4. Nc3 d5 5. d4 dxc4 6. Nf3 Bd6 7. e4 Bb4 8. Qc2 O-O 9. a3 Be7 10. O-O Nbd7
11. h3 Re8 12. Be3 b5 13. Rad1 Bb7 14. Ne5 Qc7 15. f4 Nxe5 16. fxe5 Nd7 17. Qf2 f6 18. exf6 Nxf6 19. e5 Nd5 20. Qf7+ Kh8
21. Be4 Nxe3 22. Qh5 Nf5 23. Rxf5 g6 24. Rf8+ Rxf8 25. Bxg6 Bd8 26. Ne4 Rg8 27. Bf7 Rg7 28. Bxe6 Bc8 29. Qe8+
1-0

[Event "Return"]
[Site "SchemingMind.com"]
[Date "2014.04.10"]
[Round "-"]
[White "kenneth m day"]
[Black "Transcendent"]
[Result "1-0"]
[WhiteCountry "USA"]
[BlackCountry "ENG"]
[WhiteElo "1708"]
[WhiteRD "50"]
[BlackElo "1614"]
[BlackRD "67"]
[GameID "355471"]

1. e4 e6 2. d4 d5 3. Nd2 Nf6 4. e5 Nfd7 5. Bd3 c5 6. c3 Nc6 7. Ne2 Qb6 8. Nf3 cxd4 9. Nexd4 Ncxe5 10. Bb5 Nxf3+
11. Qxf3 Bc5 12. O-O O-O 13. Be3 Bxd4 14. Bxd7 Bxe3 15. Bxc8 Bxf2+ 16. Rxf2 Raxc8 17. Kf1 a5 18. b3 Qc5 19. Rc2 b5 20. Rac1 e5
21. Rd2 d4 22. Qf2 Qa3 23. Rcd1 Rxc3 24. Re2 Rc1 25. Rxc1 Qxc1+ 26. Re1 Qf4 27. Qxf4 exf4 28. Re4 Rd8 29. Rxf4 Rd5 30. Ke2 f6
31. Kd3 Kf7 32. Rxd4 Ke6 33. g4 Ke5 34. Rxd5+ Kxd5 35. Ke3 g5 36. Kd3 h6 37. Ke3 Ke5 38. h3 f5 39. gxf5 Kxf5 40. Kf3 h5
41. a3 g4+ 42. hxg4+ hxg4+ 43. Kg3 Ke4 44. Kxg4 Kd4 45. Kf4
1-0

[Event "Return"]
[Site "SchemingMind.com"]
[Date "2014.04.10"]
[Round "-"]
[White "kenneth m day"]
[Black "bobbassbone"]
[Result "1-0"]
[WhiteCountry "USA"]
[BlackCountry "ENG"]
[WhiteElo "1753"]
[WhiteRD "49"]
[BlackElo "1650"]
[BlackRD "61"]
[GameID "355472"]

1. e4 c6 2. c4 d5 3. cxd5 cxd5 4. exd5 Qxd5 5. d4 Nf6 6. Nc3 Qd8 7. Bc4 e6 8. Nf3 Bb4 9. O-O Bxc3 10. bxc3 O-O
11. Bg5 Bd7 12. Ne5 Bc6 13. Qd3 Nbd7 14. Nxc6 bxc6 15. Bb3 Nc5 16. Qh3 Nxb3 17. axb3 h6 18. Be3 Qc7 19. Qh4 Rab8 20. Bf4 Qb7
21. Bxb8 Qxb8 22. b4 Nd5 23. Rfc1 Nf4 24. Qg4 Qc7 25. g3 Nd5 26. Ra3 Ra8 27. Rb3 Rb8 28. Rcb1 Nf6 29. Qf3 Qd6 30. Ra3 Rb7
31. Ra6 Rc7 32. Rba1 Nd5 33. Rxa7 Rxa7 34. Rxa7 Nf6 35. Ra6 Kf8 36. Rxc6 Qd7 37. b5 Nd5 38. c4 Ne7 39. Ra6 Kg8 40. Qe4
1-0

[Event "Return"]
[Site "SchemingMind.com"]
[Date "2014.04.10"]
[Round "-"]
[White "bobbassbone"]
[Black "kenneth m day"]
[Result "1-0"]
[WhiteCountry "ENG"]
[BlackCountry "USA"]
[WhiteElo "1650"]
[WhiteRD "61"]
[BlackElo "1753"]
[BlackRD "49"]
[GameID "355473"]

1. d4 d5 2. Bf4 Nf6 3. e3 Bf5 4. Bd3 Bg4 5. Nf3 Nbd7 6. h3 Bh5 7. g4 Bg6 8. c3 Ne4 9. Nbd2 e6 10. Bxe4 Bxe4
11. Nxe4 dxe4 12. Nd2 f5 13. Qb3 Be7 14. g5 Bxg5 15. Rg1 Bf6 16. Qxe6+ Qe7 17. Qxe7+ Kxe7 18. Bxc7 Rac8 19. Bf4 Nb6 20. O-O-O Nd5
21. Bg3 b5 22. Nb3 Nb4 23. Kb1 Rhd8 24. cxb4 Rc4 25. Na5 Rcc8 26. Rc1 Ke6 27. Rxc8 Rxc8 28. Rc1 Rxc1+ 29. Kxc1 a6 30. Nb7 Kd5
31. Nc5
1-0

[Event "Return"]
[Site "SchemingMind.com"]
[Date "2014.04.15"]
[Round "-"]
[White "fouche"]
[Black "SAMAEL"]
[Result "0-1"]
[WhiteCountry "COL"]
[BlackCountry "CAN"]
[WhiteElo "1612"]
[WhiteRD "57"]
[BlackElo "1772"]
[BlackRD "56"]
[GameID "355474"]

1. d4 d5 2. c4 e6 3. Nc3 Nf6 4. Bg5 Be7 5. Nf3 O-O 6. e3 h6 7. Bh4 Nbd7 8. Bd3 c5 9. cxd5 Nxd5 10. Bxe7 Nxe7
11. O-O b6 12. Be4 Rb8 13. d5 exd5 14. Nxd5 Nxd5 15. Bxd5 Nf6 16. e4 Bb7 17. Qb3 Nxd5 18. exd5 Qxd5 19. Qa4 a6 20. Rad1 Qc6
21. Qxc6 Bxc6 22. Ne5 Bb5 23. Rfe1 Rbd8 24. h3 Rfe8 25. Rxd8 Rxd8 26. Ng4 Kf8 27. b3 Bc6 28. Ne5 Re8 29. Nd3 Rxe1+ 30. Nxe1 Ke7
31. Nd3 Kd6 32. g4 g5 33. f4 f6 34. f5 b5 35. Kf2 Be4 36. Ke3 Bxd3 37. Kxd3 Ke5 38. Ke3 a5 39. a3 a4 40. bxa4 bxa4
41. Kd3 Kd5 42. Kc3 c4 43. Kb4 Kd4 44. Kxa4 c3 45. Kb3 Kd3 46. a4 c2
0-1

[Event "Return"]
[Site "SchemingMind.com"]
[Date "2014.04.15"]
[Round "-"]
[White "SAMAEL"]
[Black "fouche"]
[Result "1-0"]
[WhiteCountry "CAN"]
[BlackCountry "COL"]
[WhiteElo "1772"]
[WhiteRD "56"]
[BlackElo "1612"]
[BlackRD "57"]
[GameID "355475"]

1. e4 d6 2. d4 Nf6 3. Bd3 g6 4. b3 Bg7 5. Bb2 O-O= 6. Nf3 Nbd7 7. O-O a6 8. c4 c5 9. d5 Re8 10. Re1 Nf8
11. Nc3 Bd7 12. Qc2 Rb8 13. e5 dxe5 14. Nxe5 b5 15. Nxd7 N8xd7 16. Ne4 Nxe4 17. Bxe4 Nf6 18. Bf3 b4 19. Rad1 Qb6 20. Kf1 a5
21. Re2 Rbc8 22. Rde1 Qd8 23. g3 h6 24. Bg2 Nh7 25. Bxg7 Kxg7 26. f4 Nf8 27. Qe4 e6 28. dxe6 Nxe6 29. Qd5 Qxd5 30. Bxd5 Nc7
31. Rxe8 Nxe8 32. Re7 Nd6 33. Rd7 Nf5 34. Rxf7+ Kh8 35. Kf2 Re8 36. Ra7 Nd4 37. Ra8 Rxa8 38. Bxa8 Kg7 39. Ke3 Kf6 40. Ke4 Ne2
41. Kd5 Nc3+ 42. Kxc5 Nxa2 43. Bc6 Nc1 44. Ba4 Nd3+ 45. Kb6 Kf5 46. c5 g5 47. fxg5 hxg5 48. c6 Kg4 49. c7 Kh3 50. c8=Q+ Kxh2
51. Qc2+
1-0

[Event "Return"]
[Site "SchemingMind.com"]
[Date "2014.04.15"]
[Round "-"]
[White "Transcendent"]
[Black "SAMAEL"]
[Result "0-1"]
[WhiteCountry "ENG"]
[BlackCountry "CAN"]
[WhiteElo "1781"]
[WhiteRD "68"]
[BlackElo "1772"]
[BlackRD "56"]
[GameID "355476"]

1. d4 d5 2. c4 e6 3. Nf3 Nf6 4. g3 c5 5. cxd5 Nxd5 6. Nc3 Nxc3 7. bxc3 Nc6 8. Bg2 Be7 9. O-O O-O 10. e3 cxd4
11. cxd4 Bd7 12. Qe2 a6 13. Rd1 Qc7 14. Rb1 Rab8 15. d5 exd5 16. Rxd5 Be6 17. Rd2 Rfd8 18. Bb2 Rxd2 19. Qxd2 Rd8 20. Qc3 Bf6
21. Qc2 Bxb2 22. Qxb2 Bc8 23. Rc1 Qe7 24. a4 Qb4 25. Qxb4 Nxb4 26. Nd4 Kf8 27. Rc7 b5 28. axb5 axb5 29. Nc6 Rd1+
0-1

[Event "Return"]
[Site "SchemingMind.com"]
[Date "2014.04.15"]
[Round "-"]
[White "SAMAEL"]
[Black "Transcendent"]
[Result "1-0"]
[WhiteCountry "CAN"]
[BlackCountry "ENG"]
[WhiteElo "1775"]
[WhiteRD "48"]
[BlackElo "1570"]
[BlackRD "63"]
[GameID "355477"]

1. Nf3 d5 2. e3 Nf6 3. d4 c5 4. h3 Bf5 5. Nc3 Nc6 6. a3 e6 7. Be2 Bd6 8. O-O O-O 9. Nh2 cxd4 10. exd4 Qc7
11. f4 Rac8 12. Nb5 Qe7 13. Nxd6 Qxd6 14. c3 Na5 15. Ng4 Bxg4 16. Bxg4 Nc4 17. Be2 Ne4 18. Bxc4 Rxc4 19. Qf3 f5 20. Be3 Rf6
21. Rad1 Rg6 22. Bf2 a5 23. Kh2 b5 24. Rg1 Rf6 25. g3 Rf8 26. Be1 Rfc8 27. Rg2 Qc6 28. g4 fxg4 29. Qxg4 Qd7 30. Bh4 Rf8
31. Rdg1 Rc7 32. Be1 Nf6 33. Qe2 Rf7 34. Bh4 Ne4 35. Qe3 Qc6 36. Be1 Qd6 37. Rg4 Nf6 38. R4g2 Nh5 39. Qe5 Qxe5 40. fxe5 Nf4
41. Rd2 Rf5 42. Bg3 Nh5 43. Rf2 Rxf2+ 44. Bxf2 Nf4 45. Rd1 h6 46. Be3 Ng6 47. Rg1 Kh7 48. Rf1 Kg8 49. Kg3 Rf7 50. Rxf7 Kxf7
51. Kg4 Ne7 52. Bd2 a4 53. Bc1 Kg6 54. Bd2 h5+ 55. Kf4 Nc6 56. Kf3 Kf5 57. h4 Nd8 58. Bg5 Nf7 59. Be3 g5 60. Bf2 gxh4
61. Bxh4 Ng5+ 62. Bxg5 Kxg5 63. Kg3 Kf5 64. Kh4
1-0

[Event "Return"]
[Site "SchemingMind.com"]
[Date "2014.04.15"]
[Round "-"]
[White "kenneth m day"]
[Black "SAMAEL"]
[Result "1-0"]
[WhiteCountry "USA"]
[BlackCountry "CAN"]
[WhiteElo "1708"]
[WhiteRD "50"]
[BlackElo "1763"]
[BlackRD "52"]
[GameID "355478"]

1. e4 e5 2. Nf3 d6 3. Bc4 h6 4. O-O Nf6 5. d4 exd4 6. Re1 Be7 7. Qxd4 O-O 8. Nc3 Nc6 9. Qd1 Bd7 10. h3 a6
11. Bf4 Re8 12. Qd2 Bf8 13. e5 dxe5 14. Nxe5 Nxe5 15. Rxe5 Rxe5 16. Bxe5 Ne8 17. Qf4 Be6 18. Bd3 c6 19. Rd1 Qe7 20. Qe4 f5
21. Qf3 g6 22. Qg3 Kh7 23. Ne2 Bg7 24. Bxg7 Nxg7 25. Nf4 Qf6 26. b3 Bf7 27. Re1 Re8 28. Rxe8 Bxe8 29. Qe3 Qf7 30. Bc4 Qd7
31. Nd3 Qc7 32. Ne5 Qd6 33. Bd3 b5 34. Nf3 Bd7 35. Nd4 Ne6 36. Nxe6 Qxe6 37. Qxe6= Bxe6 38. c4= bxc4 39. Bxc4 Bxc4 40. bxc4= Kg7
41. f4 g5 42. g3= Kf6 43. Kf2 h5 44. Kf3 g4+ 45. hxg4 hxg4+ 46. Ke3 Ke6 47. Kd4 Kd6 48. c5+ Kd7 49. Ke5
1-0

[Event "Return"]
[Site "SchemingMind.com"]
[Date "2014.04.15"]
[Round "-"]
[White "SAMAEL"]
[Black "kenneth m day"]
[Result "1-0"]
[WhiteCountry "CAN"]
[BlackCountry "USA"]
[WhiteElo "1775"]
[WhiteRD "48"]
[BlackElo "1669"]
[BlackRD "52"]
[GameID "355479"]

1. d4 d5 2. e3 Bf5 3. Nf3 Nf6 4. Be2 h6 5. c4 e6 6. h3 Be7 7. O-O O-O 8. Nc3 Nc6 9. a3 dxc4 10. Bxc4 a6
11. Bd2 b5 12. Be2 Bd6 13. Rc1 Ne4 14. Nxe4 Bxe4 15. Ne1 Ne7 16. f3 Bb7 17. e4 Ng6 18. e5 Be7 19. Nc2 Bh4 20. Be1 Bg5
21. Bd2 Nf4 22. Be3 Nd5 23. f4 Bh4 24. Kh2 Rc8 25. g3 Be7 26. Bf2 f6 27. Ne3 fxe5 28. dxe5 Nxe3 29. Bxe3 c5 30. Qxd8 Rfxd8
31. Rfd1 Rxd1 32. Rxd1 Rc7 33. Bg4 Bd5 34. Kg1 c4 35. Kf2 c3 36. b4 c2 37. Rc1 Rc3 38. Bd2 Rc7 39. Be2 Bb3 40. Bd3 Rc6
41. Ke2 Bd8 42. Be1 Bb6 43. Bf2 Bxf2 44. Kxf2 Rc3 45. Ke2 Ba4 46. Kd2 Rxa3 47. Bxc2 Bxc2 48. Rxc2 Rxg3 49. Rc6 Rxh3 50. Rxe6 Rh4
51. Ke3 Rh3+ 52. Ke4 Rb3 53. Rxa6 Rxb4+ 54. Kf5 Ra4 55. Rb6 b4 56. Kg6 Kf8 57. Rb8+ Ke7 58. f5 Ra5 59. f6+ gxf6 60. exf6+ Ke6
61. f7 b3 62. f8=Q
1-0

[Event "Return"]
[Site "SchemingMind.com"]
[Date "2014.04.15"]
[Round "-"]
[White "SAMAEL"]
[Black "bobbassbone"]
[Result "1-0"]
[WhiteCountry "CAN"]
[BlackCountry "ENG"]
[WhiteElo "1752"]
[WhiteRD "56"]
[BlackElo "1650"]
[BlackRD "61"]
[GameID "355480"]

1. c4 c6 2. d3 d5 3. cxd5 cxd5 4. d4 Nf6 5. Nf3 Bg4 6. e3 e6 7. Be2 Bb4+ 8. Bd2 Bxd2+ 9. Nbxd2 O-O 10. O-O Bxf3
11. Nxf3 Nc6 12. a3 Rc8 13. Rc1 Qb6 14. b3 Ne7 15. b4 Ne4 16. Qd3 a6 17. Ne5 Rc7 18. f3 Nf6 19. Qd2 Rfc8 20. Rxc7 Rxc7
21. Rc1 Rxc1+ 22. Qxc1 Nc6 23. Kf2 Qc7 24. Nxc6 Qxc6 25. Qxc6
1-0

[Event "Return"]
[Site "SchemingMind.com"]
[Date "2014.04.15"]
[Round "-"]
[White "bobbassbone"]
[Black "SAMAEL"]
[Result "1/2-1/2"]
[WhiteCountry "ENG"]
[BlackCountry "CAN"]
[WhiteElo "1650"]
[WhiteRD "61"]
[BlackElo "1752"]
[BlackRD "56"]
[GameID "355481"]

1. d4 d5 2. Bf4 e6 3. e3 Nf6 4. c3 c5 5. Bd3 Be7 6. Nd2 Nc6 7. Ngf3 Bd7 8. Qc2 c4 9. Be2 O-O 10. O-O h6
11. h3 a6 12. Ne5 Rc8 13. Ndf3 Nxe5 14. Nxe5 Be8 15. Ng4 Nxg4 16. Bxg4 f5 17. Bf3 Bc6 18. Rfe1 Bd6 19. Bxd6 Qxd6 20. g3 b5
21. a3 a5 22. g4 g6 23. g5 h5 24. h4 a4 25. Bg2 Rfe8 26. f4 Kf7 27. Re2 Bb7 28. Bf3=
1/2-1/2

[Event "Return"]
[Site "SchemingMind.com"]
[Date "2014.04.18"]
[Round "-"]
[White "fouche"]
[Black "simpet"]
[Result "1-0"]
[WhiteCountry "COL"]
[BlackCountry "ENG"]
[WhiteElo "1609"]
[WhiteRD "64"]
[BlackElo "1610"]
[BlackRD "55"]
[GameID "357004"]

1. e4 e5 2. f4 Nc6 3. Nf3 exf4 4. Bc4 d6 5. d4 Nf6 6. Nc3 Be7 7. Bxf4 O-O 8. O-O Na5 9. Bd3 Nh5 10. Be3 f5
11. e5 Be6 12. d5 Bf7 13. e6 Bg6 14. Bd4 Bf6 15. Re1 Be7 16. b4 Nf4 17. bxa5 Nxd3 18. Qxd3 c6 19. dxc6 bxc6 20. Rab1 Qxa5
21. Rb7 Rfe8 22. Nh4 Bh5 23. Nxf5 Bg6 24. Nxe7+ Rxe7 25. Rxe7 Bxd3 26. Rxg7+ Kf8 27. cxd3 c5 28. Rf1+ Ke8 29. Nd5 cxd4 30. Rg8#
1-0

[Event "Return"]
[Site "SchemingMind.com"]
[Date "2014.04.18"]
[Round "-"]
[White "simpet"]
[Black "fouche"]
[Result "1-0"]
[WhiteCountry "ENG"]
[BlackCountry "COL"]
[WhiteElo "1610"]
[WhiteRD "55"]
[BlackElo "1609"]
[BlackRD "64"]
[GameID "357005"]

1. e4 c5 2. Bc4 e6 3. Nf3 d5 4. exd5 exd5 5. Bb5+ Nc6 6. O-O Bd7 7. d4 Nf6 8. Bg5 Be7 9. Nc3 O-O 10. Bxf6 Bxf6
11. Nxd5 cxd4 12. Nxf6+ Qxf6 13. Bxc6 Bxc6 14. Nxd4 Rad8 15. c3 Rd6 16. Qg4 Re8 17. f3 Rd5 18. Nxc6 Qxc6 19. Qg3 Rd2 20. Rab1 Ree2
21. Rf2 Rxf2 22. Qb8+
1-0

[Event "Return"]
[Site "SchemingMind.com"]
[Date "2014.04.18"]
[Round "-"]
[White "Transcendent"]
[Black "simpet"]
[Result "0-1"]
[WhiteCountry "ENG"]
[BlackCountry "ENG"]
[WhiteElo "1627"]
[WhiteRD "65"]
[BlackElo "1650"]
[BlackRD "60"]
[GameID "357006"]

1. d4 e6 2. c4 Nf6 3. g3 d5 4. Nf3 b6 5. Bg2 dxc4 6. Ne5 Nd5 7. Qa4+ Bd7 8. Nxd7 Qxd7 9. Qxc4 Nc6 10. O-O Bb4
11. a3 Be7 12. Nc3 O-O 13. e4 Nxc3 14. bxc3 a5 15. e5 Nxe5 16. dxe5 Rad8 17. Be3 b5 18. Qc6 Qxc6 19. Bxc6 Rd3 20. Bd4 b4
21. axb4 axb4 22. Rfd1 Rxd1+ 23. Rxd1 Rd8 24. Ra1 bxc3 25. Bxc3 h6 26. Ra8 Rxa8 27. Bxa8 f6 28. exf6 gxf6 29. f4 Kg7 30. Kf2 Bd6
31. Ke3 Kg6 32. g4 f5 33. gxf5+ Kxf5 34. Be4+ Kg4 35. Bg2 Bxf4+ 36. Ke4 Bxh2 37. Bf6= Kg3 38. Bf3 Kf2 39. Bg4 Bd6 40. Bxe6 h5
41. Bf7 Bg3 42. Bxh5 Bd6
0-1

[Event "Return"]
[Site "SchemingMind.com"]
[Date "2014.04.18"]
[Round "-"]
[White "simpet"]
[Black "Transcendent"]
[Result "1-0"]
[WhiteCountry "ENG"]
[BlackCountry "ENG"]
[WhiteElo "1650"]
[WhiteRD "60"]
[BlackElo "1627"]
[BlackRD "65"]
[GameID "357007"]

1. e4 e6 2. Nc3 d5 3. Bb5+ c6 4. Ba4 dxe4 5. Nxe4 Be7 6. d3 Nd7 7. Bd2 Ngf6 8. Nf3 O-O 9. O-O b5 10. Bb3 Bb7
11. a3 c5 12. Bc3 Rc8 13. Ne5 Nxe5 14. Bxe5 Nxe4 15. dxe4 Bxe4 16. Qg4 Bg6 17. c3 c4 18. Bc2 Bf6 19. Rad1 Qb6 20. Bxf6 gxf6
21. Bxg6 fxg6 22. Rd4 e5 23. Rd7 Rc7 24. Rfd1 f5 25. Qg5 Rxd7 26. Rxd7 Rf7 27. Qd8+ Qxd8 28. Rxd8+ Kg7 29. Rd5 a6 30. Rxe5 Kf6
31. Rd5 Re7= 32. Kf1 h6 33. Rd6+ Re6 34. Rd8 Ke5 35. f3 Kf4 36. Kf2 h5 37. h4 Ke5 38. g3 Kf6 39. Rd2 Ke7 40. Re2
1-0

[Event "Return"]
[Site "SchemingMind.com"]
[Date "2014.04.18"]
[Round "-"]
[White "kenneth m day"]
[Black "simpet"]
[Result "1-0"]
[WhiteCountry "USA"]
[BlackCountry "ENG"]
[WhiteElo "1753"]
[WhiteRD "49"]
[BlackElo "1653"]
[BlackRD "56"]
[GameID "357008"]

1. e4 e5 2. Nf3 Nc6 3. c3 Bc5 4. d4 exd4 5. cxd4 Bb6 6. Nc3 d6 7. Be3 Bg4 8. Be2 Nf6 9. O-O O-O 10. h3 Bh5
11. Rc1 Qd7 12. Qd2 Rae8 13. e5 dxe5 14. Rfd1 e4 15. Nh2 Bxe2 16. Nxe2 Nd5 17. a3 Nxe3 18. fxe3 f5 19. Nf4 Na5 20. Qf2 Nb3
21. Rc3 Na5 22. Qh4 Rf6 23. Nf1 Rh6 24. Nh5 Qf7 25. Nfg3 c6 26. Rf1 g6 27. Nf6+ Kg7 28. Nxe8+ Qxe8 29. Qg5
1-0

[Event "Return"]
[Site "SchemingMind.com"]
[Date "2014.04.18"]
[Round "-"]
[White "simpet"]
[Black "kenneth m day"]
[Result "0-1"]
[WhiteCountry "ENG"]
[BlackCountry "USA"]
[WhiteElo "1653"]
[WhiteRD "56"]
[BlackElo "1753"]
[BlackRD "49"]
[GameID "357009"]

1. e4 e5 2. Bc4 Nf6 3. d3 d5 4. exd5 Nxd5 5. Qf3 Nf6 6. Bg5 Be7 7. Bxf6 Bxf6 8. Nc3 O-O 9. Nge2 Nc6 10. Nd5 Be6
11. O-O Bxd5 12. Bxd5 Qd6 13. Bxc6 Qxc6 14. Qh3 Qxc2 15. Ng3 Qxd3 16. Rad1 Qg6 17. Nf5 Rad8 18. Ng3 Rfe8 19. Kh1 e4 20. Rfe1 Bxb2
21. Rxd8 Rxd8 22. Nxe4 Qxe4 23. Qe3 Qxe3 24. fxe3 Re8 25. g4 Bd4 26. Kg2 Rxe3
0-1

[Event "Return"]
[Site "SchemingMind.com"]
[Date "2014.04.23"]
[Round "-"]
[White "simpet"]
[Black "SAMAEL"]
[Result "1-0"]
[WhiteCountry "ENG"]
[BlackCountry "CAN"]
[WhiteElo "1670"]
[WhiteRD "60"]
[BlackElo "1772"]
[BlackRD "56"]
[GameID "357010"]

1. e4 e5 2. Nf3 d6 3. d4 exd4 4. Nxd4 Nf6 5. Nc3 Bd7 6. Bc4 Be7 7. O-O O-O 8. Bf4 Nc6 9. a3 a6 10. f3 Nxd4
11. Qxd4 Re8 12. Bg3 h6 13. Rad1 Be6 14. Kh1 Qc8 15. Nd5 Nxd5 16. Bxd5 Bf6 17. Qb4 Bxd5 18. Rxd5 b6 19. c3 g6 20. Rfd1 a5
21. Qb3 Kf8 22. h3 h5 23. Qc2 Kg8 24. Qe2 Bg7 25. e5 Re6 26. f4 f6 27. f5 Re7 28. fxg6 fxe5 29. Qxh5 Kf8 30. Rf1+ Ke8
31. Qf3 Rb8 32. Bh4
1-0